Statistics for Science Questions You Should Know

Click here to take the quiz!

General Stats

  • This quiz has been taken 204 times
  • The average score is 20 of 29

Answer Stats

QuestionAnswer% Correct
About what percentage of Earth is covered by water?70%
99%
How many days does it take Earth to travel around the sun?365 days
98%
What does the periodic table display?Elements according to their atomic numbers
97%
Which direction does the needle of a compass point?North
97%
What term describes a group of organisms and their physical environment?Ecosystem
94%
What is every object in our world made of?Matter
94%
According to cell theory, what are cells?The basic unit of life
89%
Newton's third law of motion states that every action has what?An equal and opposite reaction
84%
The word habitat refers to what?A place where an organism lives
84%
What is the hottest part of our planet?Core
82%
What are the abiotic factors of an environment?The nonliving parts of an environment
80%
What does the nucleus of a cell contain?DNA
78%
How many subatomic particles are in an atom?3
73%
Newton's first law of motion states that an object in motion tends to what?Stay in motion
70%
What is all matter made of?Chemicals
66%
What happens to iron when it is exposed to oxygen?Rusts
63%
In weather, what does the term "front" refer to?The place where two air masses meet
63%
What mineral is found in a saline solution?Sodium
59%
What do mitochondria provide for an organism's body?Energy
58%
What type of galaxy is the Milky Way?Spiral
58%
What is the first step of the scientific method?Identify the problem
57%
About how long ago did modern humans first appear?200,000 years ago
53%
If the pressure is the same, what kind of air has the greatest density?Cold
50%
Which characteristic do all mammals have?Hair
48%
What is the basic unit of a chemical element?Atom
47%
How are synthetic chemicals different from so-called natural chemicals?They aren't different.
45%
How old are the oldest fossils found on Earth?About 3.8 billion years
42%
What makes something a poison?Its dose
12%
When do the coldest temperatures generally occur?Shortly after sunrise
12%

Score Distribution

Percentile by Number Answered

Percent of People with Each Score

Your Score History

You have not taken this quiz